| 000 | 00342nam a22001217a 4500 | ||
|---|---|---|---|
| 008 | 230629b xxu||||| |||| 00| 0 eng d | ||
| 020 | _a0878571884 | ||
| 082 |
_a338.91 _bCON 1977 |
||
| 245 |
_aAn Introduction to Appropriate Technology _bToward a Simpler Life-Style |
||
| 260 |
_bRodale Press Inc. _c1977 |
||
| 300 | _aXVI,205p | ||
| 942 |
_2ddc _cBK |
||
| 999 |
_c3010 _d3010 |
||